Provincias españolas que contienen Z - Estadísticas

Estadísticas generales
  • Esta prueba ha sido intentada 61 veces
  • La puntuación promedio es 5 de 7
Estadísticas de respuestas
Provincia % Correcto
Zaragoza
98%
Zamora
91%
Badajoz
79%
Cádiz
73%
Guipúzcoa
68%
Vizcaya
63%
Santa Cruz de Tenerife
32%
No se encontraron pruebas coincidentes
Distribución de puntuación
Porcentaje de gente con cada puntuación
Porcentaje por número respondido
Historial de tus puntuaciones
No has intentado esta prueba.